Sintaxis hispanoamericana / (Record no. 86095)
[ view plain ]
| 000 -LEADER | |
|---|---|
| campo de control de longitud fija | 00699nam a2200205 i 4500 |
| 001 - NÚMERO DE CONTROL | |
| campo de control | 86095 |
| 003 - IDENTIFICADOR DE NÚMERO DE CONTROL | |
| campo de control | ES-MaACL |
| 005 - FECHA Y HORA DE LA ÚLTIMA TRANSACCIÓN | |
| campo de control | 20230906175354.0 |
| 007 - CAMPO FIJO DE DESCRIPCIÓN FÍSICA--INFORMACIÓN GENERAL | |
| campo de control de longitud fija | t| |
| 008 - DATOS DE LONGITUD FIJA--INFORMACIÓN GENERAL | |
| campo de control de longitud fija | 041207s1976 sp ||||1| spa d |
| 100 1# - ENTRADA PRINCIPAL--NOMBRE DE PERSONA | |
| Nombre de persona | Kany, Charles E. |
| 9 (RLIN) | 67511 |
| 245 10 - MENCIÓN DEL TÍTULO | |
| Título | Sintaxis hispanoamericana / |
| Mención de responsabilidad, etc. | Charles E. Kany ; versión de Martín Blanco Alvarez. |
| 260 ## - PUBLICACIÓN, DISTRIBUCIÓN, ETC. | |
| Lugar de publicación, distribución, etc. | Madrid : |
| Nombre del editor, distribuidor, etc. | Gredos, |
| Fecha de publicación, distribución, etc. | [1976] |
| 300 ## - DESCRIPCIÓN FÍSICA | |
| Extensión | 550 p. ; |
| Dimensiones | 21 cm. |
| 490 1# - MENCIÓN DE SERIE | |
| Mención de serie | Biblioteca románica hispánica. II. Estudios y ensayos ; |
| Designación de volumen o secuencia | 136 |
| 700 1# - ENTRADA AGREGADA--NOMBRE PERSONAL | |
| Nombre de persona | Blanco Alvarez, Martín. |
| 9 (RLIN) | 29218 |
| 830 0# - PUNTO DE ACCESO ADICIONAL DE SERIE-TÍTULO UNIFORME | |
| Título uniforme | Biblioteca románica hispánica. II. Estudios y ensayos ; |
| Designación de volumen o secuencia | 136 |
| 9 (RLIN) | 178108 |
| 852 ## - LOCALIZACIÓN | |
| Ubicación | ES-MaACL |
| Número de control de estantería | A-6334 |
| Sublocalización o colección | R.95367 |
| Estatus retirado | Estado de pérdida | Estado de daño | No para préstamo | Biblioteca de origen | Biblioteca actual | Ubicación en estantería | Fecha de adquisición | Fuente de adquisición | Total de préstamos | Signatura topográfica completa | Código de barras | Visto por última vez | Precio de reemplazo | Tipo de ítem Koha |
|---|---|---|---|---|---|---|---|---|---|---|---|---|---|---|
| Biblioteca del Ateneo de Madrid | Biblioteca del Ateneo de Madrid | Sala Pecera Planta 1 | 17/01/2008 | A-6334 | 1089962 | 23/02/2023 | 23/02/2023 | Libro impreso |
